| Tag |
First Indicator |
Second Indicator |
Subfields |
| LEADER |
00000cam a2200000 a 4500 |
| 001 |
in00000071970 |
| 005 |
20151008062503.0 |
| 008 |
800122c19781975mx a b 00010 spa d |
| 020 |
|
|
|a 0968499102
|
| 035 |
|
|
|a (OCoLC)05902946
|
| 035 |
|
|
|9 AAK0324AM
|
| 040 |
|
|
|a IUL
|c IUL
|d TXA
|d UtOrBLW
|
| 043 |
|
|
|a n-mx---
|
| 049 |
|
|
|a TXAM
|c [1561078]
|
| 090 |
|
|
|a HQ1462
|b .B66 1978
|
| 100 |
1 |
|
|a Bonifaz de Novelo, María Eugenia.
|
| 245 |
1 |
3 |
|a La mujer mexicana :
|b analisis historico /
|c Ma. Eugenia Bonifaz de Novelo.
|
| 250 |
|
|
|a 2a ed.
|
| 264 |
|
1 |
|a [Mexico, Distrito Federal] :
|b [publisher not identified],
|c 1978
|
| 264 |
|
4 |
|c ©1975
|
| 300 |
|
|
|a 166 pages :
|b illustrations ;
|c 21 cm.
|
| 336 |
|
|
|a text
|b txt
|2 rdacontent
|
| 337 |
|
|
|a unmediated
|b n
|2 rdamedia
|
| 338 |
|
|
|a volume
|b nc
|2 rdacarrier
|
| 500 |
|
|
|a Previously published as: Analisis historico sobre la mujer mexicana.
|
| 504 |
|
|
|a Bibliography: pages 153-[154].
|
| 650 |
|
0 |
|a Women
|z Mexico
|x History.
|
| 650 |
|
0 |
|a Feminism
|z Mexico
|x History.
|
| 650 |
|
0 |
|a Women's rights
|z Mexico
|x History.
|
| 999 |
|
|
|a MARS
|
| 999 |
f |
f |
|s 8cbfb076-80c3-3862-a785-f1f6f7ac1c35
|i 8adb76eb-a172-3607-88da-51250b7dc62a
|t 0
|
| 952 |
f |
f |
|p normal
|a Texas A&M University
|b College Station
|c Sterling C. Evans Library
|d Evans: Library Stacks
|t 0
|e HQ1462 .B66 1978
|h Library of Congress classification
|i unmediated -- volume
|m A14806143641
|
| 998 |
f |
f |
|a HQ1462 .B66 1978
|t 0
|l Evans: Library Stacks
|